| 000 | 01868nam a22002897a 4500 | ||
|---|---|---|---|
| 003 | AR-RoUNA | ||
| 005 | 20250723093223.0 | ||
| 040 |
_aAR-RoUNA _bspa _dAR-RoUNA |
||
| 041 | _aspa | ||
| 044 | _aag | ||
| 110 |
_aUNESCO (Organización de las Naciones Unidas para la Educación, la Ciencia y la Cultura) _927287 |
||
| 245 | 1 | 0 |
_aTierras marginales _b: bibliografía disponibles en la oficina regional de Ciencia y Tecnología para América Latina y el Caribe. |
| 260 |
_aMontevideo (Uruguay): _bOficina Regional de Cienica y Tecnología de la Unesco para América Latina y el Caribe, _c1989. |
||
| 300 |
_a71 p. _c30x21 cm. |
||
| 490 | _a Programa sobre el Hombre y la Biosfera (MAB) | ||
| 504 | _aLa bibliografía sobre Tierras Marginales incluye 84 citas bibliográficas seleccionadas del material documental sobre Ecología que existe en el Centro de Documentación de la Oficina Regional de Ciencia y Tecnología de la UNESCO para América Latina y el Caribe. Cubre las siguientes áreas temáticas: utilización del suelo sobre las áreas de pastoreo, desarrollo rural, ecosistemas de zonas áridas y semiáridas, y ecosistemas de montañas y de tundras,que corresponden a los proyectos del MAB 3, 4 y 6 respectivamente. Incluye referencias bibliográficas de libros informes técnicos, conferencias, artículos de publicaciones periódicas, material audiovisual y mapas. Dichos documentos existen como ejemplares únicos en el Centro de Documentos. | ||
| 505 | 0 | _tINDICE | |
| 505 | 0 | _aListado bibliográfico ordenado alfabéticamente por autor. | |
| 505 | 0 | _aTierras marginales. Listado alfabético por título de conferencia. | |
| 505 | 0 | _aIndice de autores. | |
| 650 | 4 | _aTierras marginales | |
| 650 | 4 | _aBibliografías | |
| 908 | _aImp | ||
| 942 |
_2udc _cLIB |
||
| 945 | _d2025-07-23 | ||
| 980 |
_65 _aMaría Machado _85 _gMaría Machado |
||
| 999 |
_c12047 _d12047 |
||